[Event "AUTO-INT-1882"]
[Site "http://www.queenalice.com/game.php?id=863289"]
[Date "2010.11.24"]
[Round "1"]
[White "Alan_74"]
[Black "fredpoa"]
[Result "1-0"]
[WhiteElo "1485"]
[BlackElo "1556"]

1. d4 d5 2. Nf3 e6 3. Bf4 Bd6 4. Bxd6 cxd6 5. e3 Nf6 6. Nbd2 O-O 7. h3 Nc6 8. c3
b6 9. a4 a5 10. Rb1 Ba6 11. b4 axb4 12. cxb4 1-0

[Event "AUTO-INT-1882"]
[Site "http://www.queenalice.com/game.php?id=863304"]
[Date "2010.11.24"]
[Round "1"]
[White "daniel0176"]
[Black "Alan_74"]
[Result "1-0"]
[WhiteElo "1584"]
[BlackElo "1541"]

1. e4 c5 2. Nf3 Nc6 3. Bb5 a6 4. Bxc6 bxc6 5. O-O d5 6. exd5 cxd5 7. d4 e6 8.
Re1 cxd4 9. Nxd4 Bc5 10. Nf3 Nf6 11. a3 O-O 12. Nc3 Bd7 13. b4 Bb6 14. Qd3 a5
15. bxa5 Bxa5 16. Bd2 Bxc3 17. Bxc3 Rb8 18. a4 Ne4 19. Qd4 Nxc3 20. Qxc3 f6 21.
Nd4 e5 22. Nf3 Rc8 23. Qb3 Bc6 24. h3 g6 25. c4 d4 26. Rad1 Rb8 27. Qc2 Bxf3 28.
gxf3 Qd7 29. c5 Kg7 30. c6 Qc7 31. f4 Rb6 32. Rc1 exf4 33. a5 Ra6 34. Re6 Kf7
35. Qc4 Rxa5 36. Rd6+ Kg7 37. Rd7+ 1-0

[Event "AUTO-INT-1882"]
[Site "http://www.queenalice.com/game.php?id=863305"]
[Date "2010.11.24"]
[Round "1"]
[White "Alan_74"]
[Black "daniel0176"]
[Result "1/2-1/2"]
[WhiteElo "1545"]
[BlackElo "1615"]

1. d4 d5 2. Nf3 Nc6 3. Bf4 Bg4 4. e3 Nf6 5. h3 Bxf3 6. Qxf3 a6 7. Bd3 h6 8. O-O
e6 9. Nd2 Be7 10. c4 O-O 11. a3 dxc4 12. Nxc4 b5 13. Qxc6 bxc4 14. Bxc4 Re8 15.
Qxc7 Qxc7 16. Bxc7 Rac8 17. Rac1 Rxc7 18. Bxa6 Rxc1 19. Rxc1 g5 20. g4 Kg7 21.
a4 Ra8 22. Bb5 Bd6 23. Kg2 Ne4 24. f3 Nd2 25. Rc6 Bb4 26. Kg3 Nf1+ 27. Kf2 Nd2
28. Kg3 Nf1+ 29. Kf2 Nd2 30. Kg3 1/2-1/2

[Event "AUTO-INT-1882"]
[Site "http://www.queenalice.com/game.php?id=863314"]
[Date "2010.11.24"]
[Round "1"]
[White "Altos"]
[Black "Alan_74"]
[Result "1-0"]
[WhiteElo "1488"]
[BlackElo "1502"]

1. e4 c5 2. Bc4 e6 3. Nf3 Nc6 4. d3 g6 5. Bg5 Nf6 6. Nc3 Bg7 7. Bd2 O-O 8. O-O
a6 9. Bg5 Qc7 10. h3 b5 11. Bb3 Ne5 12. Nxe5 Qxe5 13. Bc1 Bb7 14. a3 b4 15. axb4
cxb4 16. Ne2 a5 17. c3 Ba6 18. Bf4 Qb5 19. Bc4 Qb6 20. Be3 Qc6 21. Bxa6 Rxa6 22.
Nd4 Qb7 23. cxb4 axb4 24. Rxa6 Qxa6 25. Qb3 Rb8 26. Nc2 Qd6 27. Bd2 Nxe4 28.
Bxb4 Rxb4 29. Qxb4 Qxb4 30. Nxb4 Bxb2 31. dxe4 1-0

[Event "AUTO-INT-1882"]
[Site "http://www.queenalice.com/game.php?id=863315"]
[Date "2010.11.24"]
[Round "1"]
[White "Alan_74"]
[Black "Altos"]
[Result "0-1"]
[WhiteElo "1521"]
[BlackElo "1534"]

1. d4 d5 2. Nf3 e6 3. Bf4 Bb4+ 4. c3 Ba5 5. b4 Bb6 6. e3 c6 7. Be2 Bc7 8. Bxc7
Qxc7 9. Nbd2 Nf6 10. h3 h6 11. a4 Nbd7 12. O-O O-O 13. b5 cxb5 14. axb5 Qxc3 15.
Nb3 b6 16. Rb1 Ne4 17. Nbd2 Nxd2 18. Qxd2 Qxd2 19. Nxd2 Nf6 20. Bd3 a6 21. f3 a5
22. e4 dxe4 23. Nxe4 Nxe4 24. Bxe4 Rb8 25. d5 exd5 26. Bxd5 Be6 27. Bxe6 fxe6
28. g4 Rbc8 29. Rfc1 Rxc1+ 30. Rxc1 Rxf3 31. Kg2 Rb3 32. Rc8+ Kh7 33. Rc6 Rxb5
34. Rxe6 Rb3 0-1

[Event "vautrien"]
[Site "http://www.queenalice.com/game.php?id=864730"]
[Date "2010.11.28"]
[Round "1"]
[White "ajr"]
[Black "Alan_74"]
[Result "1-0"]
[WhiteElo "1486"]
[BlackElo "1521"]

1. d4 f5 2. g3 g6 3. c4 Bg7 4. f4 d6 5. e3 c5 6. dxc5 dxc5 7. Qxd8+ Kxd8 8. Bg2
Nd7 9. Bd2 Bxb2 10. Bc3 Bxa1 11. Bxa1 Ngf6 12. Bxf6 Nxf6 13. Bf3 a5 14. Nc3 Ra6
15. Nd5 Rf8 16. Nh3 e6 17. Nxf6 Rxf6 18. Kd2 Rd6+ 19. Kc3 a4 20. Rd1 Rxd1 21.
Bxd1 Bd7 22. Ng5 h6 23. Nf3 Bc6 24. Ne5 Be4 25. Bxa4 g5 26. Bc2 Bxc2 27. Kxc2
Ke7 28. Kb3 gxf4 29. exf4 Rf8 30. Ng6+ Kf7 31. Nxf8 Kxf8 32. Ka4 Ke7 33. Kb5 1-0

[Event "vautrien"]
[Site "http://www.queenalice.com/game.php?id=880579"]
[Date "2011.1.3"]
[Round "2"]
[White "nuage"]
[Black "Alan_74"]
[Result "1-0"]
[WhiteElo "1530"]
[BlackElo "1506"]

1. e4 c5 2. Nc3 Nc6 3. Bc4 e6 4. Nf3 Qc7 5. O-O Nf6 6. d3 a6 7. g3 b5 8. Bb3 Nd4
9. Bf4 Qa7 10. e5 Ng4 11. Nxd4 cxd4 12. Ne2 Qb6 13. h3 Nh6 14. c3 g6 15. cxd4 d5
16. Rc1 Nf5 17. Bg5 Nxd4 18. Nf4 Nxb3 19. Qxb3 Bg7 20. Qb4 Bf8 21. Qb3 Qc7 22.
Rxc7 1-0

[Event "AUTO-INT-1938"]
[Site "http://www.queenalice.com/game.php?id=892940"]
[Date "2011.1.29"]
[Round "1"]
[White "MC"]
[Black "Alan_74"]
[Result "0-1"]
[WhiteElo "1506"]
[BlackElo "1590"]

1. d4 Nf6 2. Bf4 g6 3. e3 Bg7 4. Bc4 d5 5. Bb5+ Bd7 6. a4 Bxb5 7. axb5 a6 8. Nc3
Nbd7 9. bxa6 Rxa6 10. Rxa6 bxa6 11. Nh3 c6 12. Ng5 O-O 13. h4 Nh5 14. Ne2 Nxf4
15. Nxf4 Qe8 16. h5 e5 17. hxg6 fxg6 18. Rxh7 exf4 19. Kd2 Nf6 20. Qh1 Rf7 21.
exf4 Nxh7 22. Qxh7+ Kf8 23. Qxg6 Rf6 24. Nh7+ Ke7 25. Qxg7+ Rf7 26. Qe5+ Kd8 27.
Nf6 Qxe5 28. dxe5 Ke7 29. g4 Ke6 30. Kd3 c5 31. g5 Rb7 32. g6 Kf5 33. Nxd5 Kxg6
34. Ke4 Rxb2 35. e6 Rxc2 36. f5+ Kg7 37. f6+ Kf8 38. f4 a5 39. f5 a4 40. f7 a3
41. Ne3 Re2 42. Kd3 Rxe3+ 43. Kxe3 a2 44. Kf4 a1=Q 45. Kg5 Qg7+ 46. Kf4 c4 47.
Ke3 Qg4 48. e7+ Kxe7 49. f8=Q+ Kxf8 50. f6 Kf7 51. Kd2 Qf3 52. Kc2 Qxf6 0-1

[Event "AUTO-INT-1938"]
[Site "http://www.queenalice.com/game.php?id=892941"]
[Date "2011.1.29"]
[Round "1"]
[White "Alan_74"]
[Black "MC"]
[Result "1-0"]
[WhiteElo "1553"]
[BlackElo "1686"]

1. d4 d5 2. Nf3 Bf5 3. Bf4 e6 4. e3 c5 5. c3 Qa5 6. Nbd2 cxd4 7. cxd4 Na6 8.
Bxa6 Qxa6 9. a3 Rc8 10. Rc1 e5 11. Rxc8+ Bxc8 12. Nxe5 Nh6 13. h3 f6 14. Nef3 g5
15. Bg3 g4 16. hxg4 Bxg4 17. Qb3 Bxf3 18. Nxf3 Qc6 19. O-O Ng4 20. Qd3 Bd6 21.
Bxd6 Qxd6 22. g3 Qf8 23. Qf5 Rg8 24. Qe6+ Kd8 25. Rc1 Nh2 26. Qxd5+ Ke7 27. Rc7+
Ke8 28. Qd7# 1-0

[Event "AUTO-INT-1938"]
[Site "http://www.queenalice.com/game.php?id=892948"]
[Date "2011.1.29"]
[Round "1"]
[White "Alan_74"]
[Black "pioki"]
[Result "0-1"]
[WhiteElo "1603"]
[BlackElo "1930"]

1. d4 Nf6 2. Nf3 d6 3. Bf4 g6 4. e3 Bg7 5. h3 O-O 6. Be2 Nbd7 7. O-O c5 8. c3 b6
9. Nbd2 Bb7 10. a3 Rc8 11. b4 Nd5 12. Rc1 Nxf4 13. exf4 f5 14. Ng5 Bd5 15. Bf3
Bf7 16. Nxf7 Kxf7 17. Bd5+ e6 18. Bb7 Rc7 19. Ba6 cxd4 20. c4 Kg8 21. Nb3 Qf6
22. c5 bxc5 23. Qd2 e5 24. fxe5 Qxe5 25. Rfe1 Qf6 26. Rcd1 Rb8 27. Bc4+ Kh8 28.
bxc5 dxc5 29. Rb1 Nb6 30. Be2 Nd5 31. Bc4 Nc3 32. Rb2 Qh4 33. Nxc5 Rd8 34. Ne6
Rxc4 35. Nxd8 Qxd8 36. Qf4 Rc8 37. Rc1 Bf6 38. g4 Bg5 39. Qe5+ Qf6 40. Qxf6+
Bxf6 41. Kg2 Bg5 42. Rcc2 d3 43. Rxc3 Rxc3 44. Rb8+ Kg7 45. Rb7+ Kf6 46. Rxa7 d2
47. Rd7 Rc1 0-1

[Event "AUTO-INT-1938"]
[Site "http://www.queenalice.com/game.php?id=892949"]
[Date "2011.1.29"]
[Round "1"]
[White "pioki"]
[Black "Alan_74"]
[Result "1-0"]
[WhiteElo "1866"]
[BlackElo "1553"]

1. e4 c5 2. Nf3 d6 3. d4 cxd4 4. Nxd4 Nc6 5. Nc3 Nf6 6. Bg5 e6 7. Bb5 Bd7 8. O-O
e5 9. Nb3 Be7 10. Bxf6 Bxf6 11. Qxd6 a6 12. Nd5 Be7 13. Nxe7 Qxe7 14. Qxe7+ Kxe7
15. Bxc6 Bxc6 16. f3 Rad8 17. Rad1 Rxd1 18. Rxd1 b6 19. Kf2 Rc8 20. Rd2 Ke6 21.
c3 f5 22. exf5+ Kxf5 23. Rd6 a5 24. Ke3 a4 25. Nd2 b5 26. g4+ Kg5 27. Re6 Re8
28. Rxc6 1-0

[Event "vautrien"]
[Site "http://www.queenalice.com/game.php?id=894353"]
[Date "2011.2.1"]
[Round "3"]
[White "Alan_74"]
[Black "Markan"]
[Result "1/2-1/2"]
[WhiteElo "1548"]
[BlackElo "1672"]

1. d4 d5 2. Nf3 Nc6 3. Bf4 e6 4. e3 Nf6 5. Bd3 b6 6. h3 h6 7. O-O Bd6 8. Bxd6
Qxd6 9. b3 Nb4 10. c4 Nxd3 11. Qxd3 Ne4 12. Nbd2 Nxd2 13. Qxd2 Ba6 14. Rfc1 O-O
15. b4 Bxc4 16. a4 a5 17. bxa5 Rxa5 18. Ne5 Bb3 19. Qc3 Bxa4 20. Qxc7 Qxc7 21.
Rxc7 Bb3 22. Rxa5 bxa5 23. f4 a4 24. Ra7 f6 25. Nd3 Re8 26. Nc5 Kh7 27. Nxa4
Bxa4 28. Rxa4 Kg6 29. Kf2 Kf5 30. Kf3 e5 31. g4+ Kg6 32. Ra5 exd4 33. exd4 Rd8
34. Ra6 Rb8 35. f5+ 1/2-1/2

[Event "Challenge"]
[Site "http://www.queenalice.com/game.php?id=902303"]
[Date "2011.2.18"]
[Round "-"]
[White "Pabl"]
[Black "Alan_74"]
[Result "0-1"]
[WhiteElo "1697"]
[BlackElo "1574"]

1. e4 c5 2. Bc4 Nc6 3. Qf3 Ne5 4. Qd3 Nxd3+ 5. cxd3 e6 6. Nf3 Nf6 7. Nc3 Be7 8.
O-O O-O 9. d4 d5 10. exd5 Nxd5 11. Nxd5 exd5 12. Bb3 a6 13. dxc5 Bxc5 14. d4 Ba7
15. Ne5 Be6 16. h4 Qxh4 17. Nf3 Qf6 18. Bg5 Qg6 19. Rac1 Rac8 20. Rce1 Bg4 21.
Bxd5 Bxf3 22. Bxf3 Qxg5 23. Bxb7 Rce8 24. Bc6 Rxe1 25. Rxe1 Bxd4 26. b3 Qg3 27.
Re2 Qc7 28. Be8 Qc8 29. Ba4 f5 0-1

[Event "Jhonatan"]
[Site "http://www.queenalice.com/game.php?id=922920"]
[Date "2011.4.7"]
[Round "-"]
[White "jhonatansouza"]
[Black "Alan_74"]
[Result "0-1"]
[WhiteElo "1430"]
[BlackElo "1617"]

1. e4 c5 2. Nf3 d6 3. Bc4 Nc6 4. Ng5 Ne5 5. d3 g6 6. Bd5 Nf6 7. Bb3 Bg7 8. f4
Neg4 9. Nxf7 Qd7 10. O-O Rf8 11. Ng5 h5 12. Be6 Qc7 13. c3 b5 14. Qb3 Nh6 15. f5
gxf5 16. exf5 Rb8 17. Ne4 Nxe4 18. dxe4 Ng4 19. c4 a6 20. a4 b4 0-1

[Event "Jhonatan"]
[Site "http://www.queenalice.com/game.php?id=922921"]
[Date "2011.4.7"]
[Round "-"]
[White "Alan_74"]
[Black "jhonatansouza"]
[Result "1-0"]
[WhiteElo "1608"]
[BlackElo "1439"]

1. d4 d5 2. Nf3 Nc6 3. Bf4 Bf5 4. e3 Nb4 5. Na3 e6 6. c3 Nc6 7. b4 a5 8. b5 Na7
9. b6 cxb6 10. Nb5 Nxb5 11. Bxb5+ Ke7 12. Ne5 f6 13. Nd3 Qc8 14. Rc1 g5 15. Bg3
Nh6 16. h3 Kf7 17. O-O Ba3 18. Rc2 Qf8 19. c4 g4 20. h4 1-0

[Event "AUTO-INT-2002"]
[Site "http://www.queenalice.com/game.php?id=923015"]
[Date "2011.4.7"]
[Round "1"]
[White "aleove"]
[Black "Alan_74"]
[Result "1-0"]
[WhiteElo "1761"]
[BlackElo "1600"]

1. d4 Nf6 2. c4 e6 3. Nf3 b6 4. e3 Bb7 5. Bd3 Bb4+ 6. Nc3 c5 7. a3 Bxc3+ 8. bxc3
d5 9. O-O Nbd7 10. Re1 Ne4 11. Qc2 Ndf6 12. cxd5 Bxd5 13. c4 Bc6 14. Bb2 O-O 15.
Nd2 Nxd2 16. Qxd2 Qe7 17. Rad1 Ba4 18. Bc2 Bxc2 19. Qxc2 Rad8 20. Qc3 Ne4 21.
Qc2 Nf6 22. h3 a6 23. a4 h6 24. e4 Nh5 25. d5 exd5 26. exd5 Qd6 27. Re3 Rfe8 28.
Rde1 Rxe3 29. Rxe3 Nf6 30. Qc3 b5 31. axb5 axb5 32. cxb5 Qxd5 33. b6 Qd1+ 34.
Re1 Qd5 35. Qa5 c4 36. Qb4 Nd7 37. b7 Nb8 38. Be5 Nc6 39. b8=Q Nxb8 40. Bxb8 c3
41. Bc7 1-0

[Event "AUTO-INT-2002"]
[Site "http://www.queenalice.com/game.php?id=923016"]
[Date "2011.4.7"]
[Round "1"]
[White "Alan_74"]
[Black "aleove"]
[Result "0-1"]
[WhiteElo "1595"]
[BlackElo "1692"]

1. d4 d5 2. Nf3 Nf6 3. Bf4 e6 4. e3 Bd6 5. Bxd6 Qxd6 6. Nbd2 O-O 7. h3 c5 8. c3
c4 9. Be2 b5 10. b3 Nc6 11. bxc4 bxc4 12. O-O Rb8 13. Rb1 Bd7 14. Rxb8 Rxb8 15.
Ng5 Qa3 16. Qc2 Rb2 17. Nb1 Qxa2 0-1

[Event "AUTO-INT-2002"]
[Site "http://www.queenalice.com/game.php?id=923027"]
[Date "2011.4.7"]
[Round "1"]
[White "Aborigen"]
[Black "Alan_74"]
[Result "1-0"]
[WhiteElo "1926"]
[BlackElo "1603"]

1. d4 Nf6 2. c4 e6 3. Bg5 h6 4. Bh4 Bb4+ 5. Nc3 Bxc3+ 6. bxc3 b6 7. Qc2 Bb7 8.
Bxf6 Qxf6 9. e4 d5 10. e5 Qf5 11. Qxf5 exf5 12. f3 Nd7 13. cxd5 Bxd5 14. c4 Bb7
15. Bd3 f4 16. Ne2 g5 17. Bf5 O-O-O 18. O-O Rhf8 19. Nc3 Kb8 20. Rfd1 c5 21.
Bxd7 Rxd7 22. d5 Ba6 23. Nb5 Bxb5 24. cxb5 Kc7 25. Kf2 f5 26. Rd2 Kb7 27. Re1 a6
28. a4 axb5 29. axb5 g4 30. e6 Rd6 31. Re5 h5 32. e7 Re8 33. Rde2 Kc7 34. Rxf5
g3+ 35. hxg3 fxg3+ 36. Kxg3 Rg6+ 37. Kh4 Kd6 38. g3 Rxe7 39. Rxe7 Kxe7 40. Rxh5
Kf6 41. g4 c4 42. Kg3 c3 43. Rf5+ Ke7 44. Rf4 1-0

[Event "AUTO-INT-2002"]
[Site "http://www.queenalice.com/game.php?id=923028"]
[Date "2011.4.7"]
[Round "1"]
[White "Alan_74"]
[Black "Aborigen"]
[Result "0-1"]
[WhiteElo "1595"]
[BlackElo "1880"]

1. d4 d5 2. Nf3 Nf6 3. Bf4 g6 4. Nc3 Bg7 5. e3 O-O 6. Be2 c6 7. h4 Bg4 8. Ne5
Bc8 9. h5 Nfd7 10. Nxg6 fxg6 11. hxg6 hxg6 12. Qd3 Qe8 13. O-O-O Nf6 14. Rh4 Bf5
15. e4 dxe4 16. Qc4+ Qf7 17. Qxf7+ Kxf7 18. Rdh1 Nbd7 19. Bc4+ e6 20. Be2 g5 21.
Bxg5 Rh8 22. Rxh8 Rxh8 23. Rxh8 Bxh8 24. f3 exf3 25. Bxf3 Nd5 26. Nxd5 exd5 27.
c3 Bf6 28. Bxf6 Nxf6 29. Kd2 Kg6 30. g4 Bxg4 31. Bxg4 Nxg4 32. b4 Kf5 33. Kd3 b5
34. a3 Kf4 0-1

[Event "AUTO-INT-2002"]
[Site "http://www.queenalice.com/game.php?id=923035"]
[Date "2011.4.7"]
[Round "1"]
[White "Alan_74"]
[Black "edgarmribeiro"]
[Result "1-0"]
[WhiteElo "1606"]
[BlackElo "1240"]

1. d4 e6 2. Nf3 h6 3. Bf4 d6 4. h3 Nf6 5. e3 a6 6. Bd3 c6 7. O-O g5 8. Bh2 Qc7
9. c3 g4 10. hxg4 Nxg4 11. Nbd2 Qd7 12. Rb1 Bg7 13. Bg3 h5 14. b4 a5 15. Nc4 e5
16. Nb6 Qe6 17. Nxa8 O-O 18. Nb6 e4 19. Bxe4 1-0

[Event "AUTO-INT-2002"]
[Site "http://www.queenalice.com/game.php?id=923036"]
[Date "2011.4.7"]
[Round "1"]
[White "edgarmribeiro"]
[Black "Alan_74"]
[Result "0-1"]
[WhiteElo "1242"]
[BlackElo "1604"]

1. Nc3 Nf6 2. e4 e5 3. Nf3 Nc6 4. a3 Bc5 5. h3 d5 6. exd5 Nxd5 7. Ne4 Qe7 8. d3
h6 9. c4 Nf4 10. Bxf4 exf4 11. Be2 Bf5 12. Nc3 O-O-O 13. Nd5 Qe6 14. Nxf4 Qf6
15. Rb1 Rhe8 16. g4 g5 17. Nd5 Qe6 18. gxf5 Qxf5 19. b4 Qxf3 20. O-O Rxe2 0-1

[Event "vautrien"]
[Site "http://www.queenalice.com/game.php?id=941277"]
[Date "2011.5.22"]
[Round "5"]
[White "Alan_74"]
[Black "digger"]
[Result "1-0"]
[WhiteElo "1590"]
[BlackElo "1552"]

1. d4 d5 2. Nf3 Nc6 3. Bf4 e6 4. e3 f6 5. h3 g5 6. Bh2 Bd6 7. Bxd6 Qxd6 8. g4
Qb4+ 9. c3 Qxb2 10. Nbd2 Qxc3 11. a3 Na5 12. Rc1 Qxa3 13. Nb1 Qd6 14. Nc3 e5 15.
Nb5 Qb4+ 16. Nd2 Rb8 17. Nxc7+ Kf7 18. Nxd5 Qd6 19. Rc5 b6 20. Rc7+ Ke6 21. Qf3
h5 22. Nc4 Qxd5 23. Qf5# 1-0